Normal view MARC view
  • Van Blerkom, Dianna L.

Entry Personal Name

Number of records used in: 1

001 - CONTROL NUMBER

  • control field: 37137

003 - CONTROL NUMBER IDENTIFIER

  • control field: OSt

005 - DATE AND TIME OF LATEST TRANSACTION

  • control field: 20150113135956.0

008 - FIXED-LENGTH DATA ELEMENTS

  • fixed length control field: 150113|| aca||aabn | a|a d

040 ## - CATALOGING SOURCE

  • Original cataloging agency: OSt

100 10 - HEADING--PERSONAL NAME

  • Personal name: Van Blerkom, Dianna L.

400 10 - SEE FROM TRACING--PERSONAL NAME

  • Personal name: Blerkom, Dianna L. Van